Alternatívne riešenie sporov v medzinárodnom obchode

Rozhodcovské konanie v medzinárodnom obchode. Riešenie sporov. Medzinárodná obchodná arbitráž. Zmierovacie konanie.

Saved in:
Bibliographic Details
Main Author: Chovancová, Katarína
Format: Book Chapter
Language:Slovak
Subjects:
Tags: Add Tag
No Tags, Be the first to tag this record!

MARC

LEADER 00000naa$a2200000$$$4500
001 0060707
005 20070808085940.6
041 0 |a slo 
044 |a CZ 
245 1 0 |a Alternatívne riešenie sporov v medzinárodnom obchode  |c Katarína Chovancová 
520 |a Rozhodcovské konanie v medzinárodnom obchode. Riešenie sporov. Medzinárodná obchodná arbitráž. Zmierovacie konanie. 
610 2 0 |a Slovensko 
610 2 0 |a obchod medzinárodný 
610 2 0 |a konanie rozhodcovské 
610 2 0 |a konanie zmierovacie 
610 2 0 |a arbitráž 
100 1 |a Chovancová, Katarína